000 00659nam a2200205Ia 4500
005 20241129111411.0
008 241129s9999||||xx |||||||||||||| ||und||
037 _aTB
040 _aCRL
_bpun
_cCRL
041 _apun
_2pun
084 _aO153,1NNIx R1
_qCRL
100 _aਨਿਰਮੋਹੀ, ਦੀਪ, ਚ।
245 0 _aਬਿੜਕ
_cਨਿਰਮੋਹੀ, ਦੀਪ, ਚ।
260 _aਲੁਧਿਆਨਾ, ਭਾਰਤ
_bਚੇਤਨਾ ਪ੍ਰਕਾਸ਼ਨ
_c2021
300 _a94ਪ੍ਰ0
365 _aINR
_b180
650 _aPunjabi LiteraturePoetry
_9726276
942 _cTB
_hO153,1NNIx R1
999 _c1230289
_d1230289